Feedback Control Systems (Record no. 51187)

MARC details
000 -LEADER
fixed length control field 00368nam a2200145Ia 4500
008 - FIXED-LENGTH DATA ELEMENTS--GENERAL INFORMATION
fixed length control field 220530s9999 xx 000 0 und d
041 ## - LANGUAGE CODE
Language code of text/sound track or separate title eng
082 ## - DEWEY DECIMAL CLASSIFICATION NUMBER
Classification number 629.8
Item number BAK
100 ## - MAIN ENTRY--PERSONAL NAME
Personal name Bakshi A U
9 (RLIN) 56411
245 ## - TITLE STATEMENT
Title Feedback Control Systems
260 ## - PUBLICATION, DISTRIBUTION, ETC. (IMPRINT)
Place of publication, distribution, etc. Pune
Name of publisher, distributor, etc. Technical Publication
Date of publication, distribution, etc. 2011
300 ## - PHYSICAL DESCRIPTION
Extent 814 P
Other physical details PB
700 ## - ADDED ENTRY--PERSONAL NAME
Personal name Goyal C S
9 (RLIN) 56412
906 ## - LOCAL DATA ELEMENT F, LDF (RLIN)
a 67.15
b ETC
Holdings
Withdrawn status Lost status Damaged status Not for loan Collection code Home library Current library Date acquired Vendor Cost, normal purchase price Full call number Barcode Date last seen Cost, replacement price Bill Date Koha item type Original Barcode
        Electronic & Telecommunication Engineering Cummins College of Engineering for Women Nagpur Cummins College of Engineering for Women Nagpur 15/06/2012 Book Source 395.00 629.8/BAK CEWN-BK-3338 30/05/2022 327.85 30/05/2022 Books 003338